| 000 | 00500nam a2200205Ia 4500 | ||
|---|---|---|---|
| 005 | 20250205052711.0 | ||
| 008 | 240331s9999 xx 000 0 und d | ||
| 020 | _a8170990858 | ||
| 082 |
_bPAN _25416 _a305.4 |
||
| 100 | _aPandey, R | ||
| 245 | 0 | _aWomen from Subjection to Liberation | |
| 260 |
_aDelhi _bMittal Publications _c1989 |
||
| 300 | _ax, 232 p., | ||
| 650 | _aWomen | ||
| 650 | _aSociety | ||
| 650 | _aFeminism | ||
| 650 | _aWomen's Liberation | ||
| 650 | _aSex Roles | ||
| 942 | _cL | ||
| 999 |
_c1685 _d1685 |
||